00765nam a2200217Ia 4500003000900000008004100009040001600050080001700066100002900083245010500112260003300217300001600250650004100266650001900307650003300326650002000359700002800379942000700407999001500414952011800429IN-BaIIA211028s9999 xx 000 0 eng d cIIA Library a51:62bCHI-5 aChirgwin, Brian H.94265 2aA course of mathematics for engineers and scientistsbvol. 5cBrian H. Chirgwin and Charles Plumpton aOxfordbPergamon Pressc1964 aviii, 202p. aAstronomy and astrophysics thesaurus aFourier series aLaplace transformation91693 aMathematics982 aPlumpton, Charles94266 cBK c2381d2381 00104070aBANbBANcGENd1965-04-06g16.25l0o51:62/ CHI-5p2662r2021-11-05v16.25w1965-04-06yBKGRs. 16.25